| 000 | 01158cam a22003257a 4500 | ||
|---|---|---|---|
| 003 | CHAP | ||
| 005 | 20220329133852.0 | ||
| 008 | 971013s1977 r 00010 d | ||
| 010 | _a12021 | ||
| 011 | _a12993 | ||
| 035 | _a17064 | ||
| 040 | _cCHAP | ||
| 100 | 0 | 0 |
_aGazcón de López, Elpidia. _947365 |
| 245 | 1 | 3 | _aLa mycoflore du maiz; contribution a l'etude de la repartition des moisissures grain par grain |
| 260 |
_aParis : _bEl autor, _c1977 |
||
| 300 |
_a25 h. _b: apénd. |
||
| 500 | _aUniversité de Paris. Faculté des Sciences. Diplome d'Etudes Approgondies de Brochimie Industrielle et Alimentaire | ||
| 590 |
_aBATCH-UPD _b10 _c20130110 _lUCH01 _h0300 |
||
| 590 |
_aBATCH-UPD _b10 _c20130110 _lUCH01 _h1737 |
||
| 590 |
_aBATCH-UPD _b10 _c20130409 _lUCH01 _h2331 |
||
| 590 |
_aBATCH-UPD _b10 _c20130410 _lUCH01 _h1443 |
||
| 590 |
_aBATCH-UPD _b10 _c20130914 _lUCH01 _h1554 |
||
| 590 |
_aCONVERSION _b10 _c20130109 _lUCH01 _h1308 |
||
| 650 | 1 | 4 |
_aHongos fitopatógenos. _956132 |
| 650 | 1 | 4 |
_aMaíz _xEfecto de la humedad. _970931 |
| 650 | 1 | 4 |
_aMaíz _xEnfermedades. _970939 |
| 901 | _aBK | ||
| 942 | _cTESIS | ||
| 949 |
_bBC _cTES _d-40578 _eTS1 _i17064 _si |
||
| 999 |
_c12021 _d12021 |
||